| 000 | 00455nam a22001577a 4500 | ||
|---|---|---|---|
| 082 |
_a519.4 _bATK _cL-38, P-11 |
||
| 100 |
_aAtkinson, Kendall _939433 |
||
| 245 |
_aElementary numerical analysis _cAtkinson, Kendall |
||
| 250 | _a2nd ed. | ||
| 260 |
_aSingapore _bJohn wiley and sons _c1992 |
||
| 300 |
_axiii, 425 p.; _bill.; |
||
| 526 |
_a0 _b0 _c0 _d519_400000000000000_ATK |
||
| 650 |
_aMCE _9379 |
||
| 700 |
_aAtkinson, Kendall _939433 |
||
| 942 |
_2ddc _cBK |
||
| 999 |
_c543930 _d543930 |
||